All the european countries - Statistics

General Stats
  • This quiz has been taken 36 times
  • The average score is 29 of 45
Answer Stats
Capital Country % Correct
Moscow Russia
100%
Paris France
94%
Berlin Germany
94%
Rome Italy
94%
Madrid Spain
91%
London United Kingdom
88%
Athens Greece
85%
Kyiv Ukraine
85%
Vienna Austria
79%
Warsaw Poland
79%
Lisbon Portugal
79%
Brussels Belgium
76%
Dublin Ireland
76%
Budapest Hungary
74%
Luxembourg Luxembourg
74%
Monaco Monaco
74%
Oslo Norway
74%
Stockholm Sweden
74%
Helsinki Finland
71%
Amsterdam Netherlands
71%
San Marino San Marino
71%
Vatican City Vatican City
71%
Andorra la Vella Andorra
68%
Copenhagen
Denmark
68%
Prague Czech Republic
62%
Bucharest Romania
62%
Bern Switzerland
59%
Sofia Bulgaria
56%
Reykjavik Iceland
56%
Tirana Albania
53%
Belgrade Serbia
53%
Minsk Belarus
50%
Tallinn Estonia
50%
Zagreb Croatia
47%
Valletta Malta
41%
Sarajevo Bosnia and Herzegovina
38%
Vaduz Liechtenstein
38%
Vilnius Lithuania
38%
Chisinau Moldova
38%
Podgorica Montenegro
38%
Skopje North Macedonia
38%
Bratislava Slovakia
38%
Ljubljana Slovenia
38%
Riga Latvia
35%
Pristina Kosovo
29%
No matching quizzes found
Score Distribution
Percent of People with Each Score
Percentile by Number Answered
Your Score History
You have not taken this quiz